Vidas de muertos

Saved in:
Bibliografiske detaljer
Hovedforfatter: Anzoategui, Ignacio B (Author)
Format: Bog
Sprog:spansk
Udgivet: Buenos Aires Ediciones Buenos Aires 1940
Fag:
Tags: Tilføj Tag
Ingen Tags, Vær først til at tagge denne postø!

MARC

LEADER 00000nam a2200000 a 4500
001 UCT5652
003 CL-VaPUC
005 20221219164301.0
008 961216e19400000AG |||||||||||||||||spa|d
999 |c 254540  |d 254538 
040 |c Pontificia Universidad Católica de Valparaíso 
082 0 4 |a H861.09  |b ANZ  |2 21 
100 0 |a Anzoategui, Ignacio B  |e author  |9 375268 
245 1 0 |a Vidas de muertos 
260 |a Buenos Aires  |b Ediciones Buenos Aires  |c 1940 
300 |a 163 p 
583 |a last modification  |c 19961216 00:00:00  |k Rodrigo Vera 
600 0 |a Mármol, José,  |d 1817-1871  |9 862886 
600 0 |a Isaacs, Jorge,  |d 1837-1895  |9 857946 
600 0 7 |a DARIO, RUBEN  |2 CL-VaPUC  |9 268402 
600 0 7 |a Nervo, Amado,  |d 1870-1919  |9 515665 
600 0 7 |a RODO, JOSE ENRIQUE  |2 CL-VaPUC  |9 313720 
600 0 |a Sarmiento, Domingo Faustino  |9 311947 
600 0 7 |a ALBERTI, JUAN BAUTISTA  |2 CL-VaPUC  |9 375269 
650 7 |a POESIA NICARAGUENSE  |2 CL-VaPUC  |9 265087 
650 0 |a Poesía mexicana   |9 268431 
650 7 |a POESIA URUGUAYA  |2 CL-VaPUC  |9 352775 
650 7 |a POESIA ARGENTINA  |2 CL-VaPUC  |9 268280 
650 0 |a Crítica e interpretación   |9 255042 
852 |a BIBCUR 
942 |c BK  |2 ddc 
945 |d 19961216 00:00:00  |a rleighto 
952 |0 0  |1 0  |4 0  |6 H_861_090000000000000_ANZ_1940  |7 0  |8 A  |9 276267  |a BIBEDU  |b BIBEDU  |d 2019-11-19  |i 3259021  |o H861.09 ANZ 1940  |p 3259021  |r 2019-11-19  |w 2019-11-19  |y BK  |k LIT